<?xml version="1.0" encoding="UTF-8"?>
<collection xmlns="http://www.loc.gov/MARC21/slim">
  <record>
    <leader>00000nam  2200000   4500</leader>
    <controlfield tag="001">INLIS000000000008896</controlfield>
    <controlfield tag="005">20200626102829</controlfield>
    <datafield tag="035" ind1="#" ind2="#">
      <subfield code="a">0010-0620000182</subfield>
    </datafield>
    <controlfield tag="007">ta</controlfield>
    <controlfield tag="008">200626################g##########0#ind##</controlfield>
    <datafield tag="082" ind1="#" ind2="#">
      <subfield code="a">307. 759 81</subfield>
    </datafield>
    <datafield tag="084" ind1="#" ind2="#">
      <subfield code="a">307. 759 81 Sum s</subfield>
    </datafield>
    <datafield tag="100" ind1=" " ind2="#">
      <subfield code="a">Sumarsono</subfield>
    </datafield>
    <datafield tag="245" ind1="1" ind2="#">
      <subfield code="a">Sistem Pemerintahan Tradisional di Riau /</subfield>
      <subfield code="c">Sumarsono</subfield>
    </datafield>
    <datafield tag="250" ind1="#" ind2="#">
      <subfield code="a">ed.1</subfield>
    </datafield>
    <datafield tag="260" ind1="#" ind2="#">
      <subfield code="a">Jakarta :</subfield>
      <subfield code="b">Dirjen Kebudayaan Depdikbud,</subfield>
      <subfield code="c">1997</subfield>
    </datafield>
    <datafield tag="300" ind1="#" ind2="#">
      <subfield code="a">iv, 77 hal. :</subfield>
      <subfield code="b">ilus ;</subfield>
      <subfield code="c">21 cm</subfield>
    </datafield>
    <datafield tag="650" ind1="#" ind2="#">
      <subfield code="a">Kebudyaan, desa</subfield>
    </datafield>
    <datafield tag="700" ind1=" " ind2="#">
      <subfield code="a">S., Lindyastuti</subfield>
    </datafield>
    <datafield tag="700" ind1=" " ind2="#">
      <subfield code="a">Widyanto, Y. Sigit</subfield>
    </datafield>
    <datafield tag="520" ind1="#" ind2="#">
      <subfield code="a">Penelitian untuk masyarakat Kampar Riau bertujuan untuk mendeskripsikan sistem pemerintahan tradisional daerah Kampar, yaitu sistem pemerintahan yang tumbuh dan berkembang di daerah ini sesuai dengan kebudayaan dan latar belakang sejarah daerah tersebut. Serta berusaha untuk membandingkannya  dengan sistem pemerintahan yang berlaku saat ini. Nilai-nilai budaya yang terkandung dalam sistem pemerintahan secara tradisional juga akan diusahakan diungkap sebagai pelengkap. Sebagai khasanah budaya bangsa, penelitian tentang sistem pemerintahan tradisional ini merupakan suatu usaha pendokumentasian kebudayaan bangsa.</subfield>
    </datafield>
    <datafield tag="856" ind1="#" ind2="#">
      <subfield code="a">Perpustakaan Lembaga Administrasi Negara</subfield>
    </datafield>
    <datafield tag="990" ind1="#" ind2="#">
      <subfield code="a">98043099</subfield>
    </datafield>
    <datafield tag="990" ind1="#" ind2="#">
      <subfield code="a">98043098</subfield>
    </datafield>
  </record>
</collection>
